Mauritius Islands Quiz - Statistics

General Stats
  • This quiz has been taken 32 times
  • The average score is 4 of 7
Answer Stats
Islands % Correct
Mauritius Island
90%
Rodrigues Island
90%
North Agaléga Island
53%
South Agaléga Island
53%
Diego Garcia
47%
Saint Brandon
37%
Tromelin Island
10%
No matching quizzes found
Score Distribution
Percent of People with Each Score
Percentile by Number Answered
Your Score History
You have not taken this quiz